00565nam a22002057a 4500003000500000005001700005008004100022010000900063011000900072035000900081040000900090082001600099110004300115245002900158260005800187300001400245500001200259501003800271650005000309CHAP20220329133201.0971013s1990 r 00010 d a3097 a4069 a3270 cCHAP a342.72bM48 aMéxico (Edo.). Leyes, decretos, etc. aLey orgánica municipal aToluca, Méx. :bComisión Estatal Electoral,c1990 app. 53-91 aD48-155 aEnc. con otros impresos similares14aLegislación administrativaxMéxico (Edo.)